000 00299nam a2200121Ia 4500
008 191201s2015 xx 000 0 und d
100 _aASHFAQ,Ahmad
245 0 _aIndustrial Waste Treatment Technology
260 _aN. Delhi
_bKatson
_c2015
300 _a372
650 _aB.Tech(CE)
942 _2ddc
_cBK
999 _c6503
_d6503